zpět

Detail výsledku týmu

Srdcovka U Skleničky, Otrokovice

Datum a čas kvízu

22 Celkem bodů Celkový počet nahraných bodů na tomto kvízu bez doplňovacích otázek.
9. Pořadí na kvízu Konečné umístění týmu na tomto kvízu.

Zaznamenané odpovědi

# Otázka Odpověď Body Výsledky
1. Ministerstvo obrany minulý týd... Leopard 1
2. Dílo italského umělce Maurizia... banán 1
3. 70letá herečka Pamela Hayden,... Milhouse (Van Houten) 1
4. Minulý týden jsme se dozvěděli... D) aby zemřel 0
5. Minulý týden se v Las Vegas de... Max Verstappen 1
6. Začneme ve Sluneční soustavě.... Merkur 1
7. Níže jsou tři měsíce Jupiteru... D 1
8. Třetí otázka se bude týkat sou... Kasiopeja 1
9. Nyní se podíváme na velmi vzdá... B) Krabí 0
10. V poslední otázce se podíváme... D) pulsar 0